000
00211 a2200097 4500
001
28855
100
_a
Walker, J R
245
_a
Industrial Arts Drafting
260
_a
_b
Goodheart
_c
1964
090
_c
19301
_d
19301
942
_a
NUST-CAE
_c
M
_c
10338
999
_c
263928
_d
263928